Theory and problems of modern physics / (Record no. 22430)
[ view plain ]
| 000 -LEADER | |
|---|---|
| fixed length control field | 01441cam a22003975a 4500 |
| 001 - CONTROL NUMBER | |
| control field | 199244 |
| 005 - DATE AND TIME OF LATEST TRANSACTION | |
| control field | 20240818093011.0 |
| 008 - FIXED-LENGTH DATA ELEMENTS--GENERAL INFORMATION | |
| fixed length control field | 990714t1999 nyua fr 001 0 eng d |
| 010 ## - | |
| -- | 99027788 |
| 020 ## - INTERNATIONAL STANDARD BOOK NUMBER | |
| International Standard Book Number | 0070248303 |
| 020 ## - INTERNATIONAL STANDARD BOOK NUMBER | |
| International Standard Book Number | 9780070248304 |
| 035 ## - SYSTEM CONTROL NUMBER | |
| System control number | (DLC) 99027788 |
| 040 ## - CATALOGING SOURCE | |
| Original cataloging agency | DLC |
| Language of cataloging | eng |
| Transcribing agency | DLC |
| Modifying agency | DLC |
| -- | EG-ScBUE |
| 082 04 - DEWEY DECIMAL CLASSIFICATION NUMBER | |
| Classification number | 539.076 |
| Item number | GAU |
| Edition number | 22 |
| 100 1# - MAIN ENTRY--PERSONAL NAME | |
| Personal name | Gautreau, Ronald. |
| 9 (RLIN) | 41277 |
| 245 10 - TITLE STATEMENT | |
| Title | Theory and problems of modern physics / |
| Statement of responsibility, etc | Ronald Gautreau, William Savin. |
| 246 33 - VARYING FORM OF TITLE | |
| Title proper/short title | Schaum's outline of theory and problems of modern physics |
| 246 30 - VARYING FORM OF TITLE | |
| Title proper/short title | Modern physics |
| 250 ## - EDITION STATEMENT | |
| Edition statement | 2nd ed. |
| 260 ## - | |
| -- | New York : |
| -- | McGraw-Hill, |
| -- | c.1999. |
| 300 ## - PHYSICAL DESCRIPTION | |
| Extent | ix, 338 p. : |
| Other physical details | ill. ; |
| Dimensions | 28 cm. |
| 336 ## - CONTENT TYPE | |
| Source | rdacontent |
| Content type term | text |
| Content type code | txt |
| 337 ## - MEDIA TYPE | |
| Media type term | unmediated |
| Source | rdamedia |
| Media type code | n |
| 338 ## - CARRIER TYPE | |
| Carrier type term | volume |
| Carrier type code | nc |
| Source | rdacarrier |
| 490 0# - SERIES STATEMENT | |
| Series statement | Schaum’s outline series |
| 500 ## - GENERAL NOTE | |
| General note | Index : p. 333-338. |
| 650 #7 - SUBJECT ADDED ENTRY--TOPICAL TERM | |
| Topical term or geographic name as entry element | Physics |
| Form subdivision | Problems, exercises, etc. |
| Source of heading or term | BUEsh |
| 9 (RLIN) | 31057 |
| 651 ## - SUBJECT ADDED ENTRY--GEOGRAPHIC NAME | |
| Source of heading or term | BUEsh |
| 653 ## - INDEX TERM--UNCONTROLLED | |
| Resource For college | Engineering, Electrical |
| Arrived date list | September2016 |
| 655 ## - INDEX TERM--GENRE/FORM | |
| Form subdivision | Reading book |
| 9 (RLIN) | 34232 |
| 700 1# - ADDED ENTRY--PERSONAL NAME | |
| Personal name | Savin, William. |
| 9 (RLIN) | 41278 |
| 856 42 - ELECTRONIC LOCATION AND ACCESS | |
| Materials specified | Publisher description |
| Uniform Resource Identifier | <a href="http://www.loc.gov/catdir/description/mh023/99027788.html">http://www.loc.gov/catdir/description/mh023/99027788.html</a> |
| 856 41 - ELECTRONIC LOCATION AND ACCESS | |
| Materials specified | Table of contents |
| Uniform Resource Identifier | <a href="http://www.loc.gov/catdir/toc/mh023/99027788.html">http://www.loc.gov/catdir/toc/mh023/99027788.html</a> |
| 856 42 - ELECTRONIC LOCATION AND ACCESS | |
| Materials specified | Contributor biographical information |
| Uniform Resource Identifier | <a href="http://www.loc.gov/catdir/enhancements/fy0739/99027788-b.html">http://www.loc.gov/catdir/enhancements/fy0739/99027788-b.html</a> |
| 942 ## - ADDED ENTRY ELEMENTS (KOHA) | |
| Source of classification or shelving scheme | Dewey Decimal Classification |
| Classification part | RDA-MOD |
| Withdrawn status | Lost status | Source of classification or shelving scheme | Damaged status | Not for loan | Collection code | Home library | Current library | Shelving location | Date acquired | Source of acquisition | Cost, normal purchase price | Total Checkouts | Full call number | Barcode | Date last seen | Koha item type |
|---|---|---|---|---|---|---|---|---|---|---|---|---|---|---|---|---|
| Dewey Decimal Classification | Baccah | Central Library | Central Library | First floor | 28/09/2016 | Purchase | 300.00 | 539.076 GAU | 000033736 | 15/07/2025 | Book - Borrowing |